Juraj Stern: Zatiaľ vieme vychovať európsku kvalitu - obávam sa však, dokedy

Rozhovor s rektorom Ekonomickej univerzity v Bratislave J. Sternom. Problematika vysokého školstva v SR. Medzinárodná spolupráca. Vzťah vedy a pedagogickej práce. Financovanie vysokých škôl. Učitelia a študenti EU Bratislava.

Guardado en:
Detalles Bibliográficos
Autor principal: Stern, Juraj
Otros Autores: Reiselová, E.
Formato: Capítulo de libro
Lenguaje:eslovaco
Materias:
Etiquetas: Agregar Etiqueta
Sin Etiquetas, Sea el primero en etiquetar este registro!

MARC

LEADER 00000naa a2200000 4500
001 r027581
005 20230921081035.4
041 0 |a slo 
044 |a SK 
245 1 0 |a Juraj Stern: Zatiaľ vieme vychovať európsku kvalitu - obávam sa však, dokedy  |c Juraj Stern, E. Reiselová 
520 |a Rozhovor s rektorom Ekonomickej univerzity v Bratislave J. Sternom. Problematika vysokého školstva v SR. Medzinárodná spolupráca. Vzťah vedy a pedagogickej práce. Financovanie vysokých škôl. Učitelia a študenti EU Bratislava. 
610 2 0 |a školy vysoké 
610 2 0 |a Ekonomická univerzita v Bratislave 
610 2 0 |a univerzity 
610 2 0 |a Slovensko 
610 2 0 |a financovanie 
610 2 0 |a spolupráca medzinárodná 
610 2 0 |a veda 
610 2 0 |a MŠ SR Bratislava 
100 1 |a Stern, Juraj 
700 1 |a Reiselová, E.